Statistics for Colleges of Superbowl Losing QBs

Click here to take the quiz!

General Stats

  • This quiz has been taken 69 times
  • The average score is 26 of 40

Answer Stats

Hint Answer % Correct
Tom BradyMichigan
97%
Jim KellyMiami
93%
Russell WilsonWisconsin
93%
Ben RoethlisbergerMiami Ohio
93%
Rex GrossmanFlorida
90%
Peyton ManningTennessee
90%
Daryle Lamonica | Joe TheismannNotre Dame
83%
Craig Morton | Jared Goff | Joe Kapp | Vince FerragamoCalifornia
83%
Cam NewtonAuburn
80%
Donovan McNabbSyracuse
80%
Matt Hasselbeck | Matt RyanBoston College
80%
David WoodleyLSU
80%
John ElwayStanford
80%
Chris ChandlerWashington
80%
Billy KilmerUCLA
80%
Roger StaubachNavy
77%
Earl MorrallMichigan State
77%
Kerry CollinsPenn State
73%
Bob Griese | Len DawsonPurdue
70%
Frank TarkentonGeorgia
70%
Dan MarinoPittsburgh
70%
Drew BledsoeWashington State
70%
Colin KaepernickNevada
63%
Brett FavreSouthern Miss
60%
Kurt WarnerNorthern Iowa
40%
Boomer Esiason | Neil O'DonnellMaryland
40%
Tony EasonIllinois
40%
Steve McNairAlcorn State
33%
Rich GannonDelaware
23%
Jake DelhommeLouisiana-Lafayette
13%
Stan HumphriesLouisiana-Monroe
7%
Ken AndersonAugustana College
7%
Ron JaworskiYoungstown State
3%

Score Distribution

Percentile by Number Answered

Percent of People with Each Score

Your Score History

You have not taken this quiz